Akademik terimler ve ifadeler sözlüğü= Dictionary of academic terms and expressions: Türkçe-İngilizce= English-Turkish: yaklaşık 13.000 akademik terim ve ifade= around 13.000 entries (Record no. 17771)

000 -LEADER
fixed length control field 01317nmm a2200361 a 4500
001 - CONTROL NUMBER
control field ocm0001916949
003 - CONTROL NUMBER IDENTIFIER
control field TR-IsHL
005 - DATE AND TIME OF LATEST TRANSACTION
control field 20201028173602.0
008 - FIXED-LENGTH DATA ELEMENTS--GENERAL INFORMATION
fixed length control field 180912s2016 tu tur
007 - PHYSICAL DESCRIPTION FIXED FIELD--GENERAL INFORMATION
fixed length control field cr cn
020 ## - INTERNATIONAL STANDARD BOOK NUMBER
International Standard Book Number 9786054539826
035 ## - SYSTEM CONTROL NUMBER
System control number 1916949
-- (N$T)
050 04 - LIBRARY OF CONGRESS CALL NUMBER
Classification number PL191
Item number .Y35 2016
090 04 - LOCALLY ASSIGNED LC-TYPE CALL NUMBER (OCLC); LOCAL CALL NUMBER (RLIN)
Classification number (OCLC) (R) ; Classification number, CALL (RLIN) (NR) PL191
Local cutter number (OCLC) ; Book number/undivided call number, CALL (RLIN) .Y35 2016
100 1# - MAIN ENTRY--PERSONAL NAME
Personal name Yaman, İsmail
245 10 - TITLE STATEMENT
Title Akademik terimler ve ifadeler sözlüğü= Dictionary of academic terms and expressions: Türkçe-İngilizce= English-Turkish: yaklaşık 13.000 akademik terim ve ifade= around 13.000 entries
Medium [electronic resource] /
Statement of responsibility, etc. İsmail Yaman
250 ## - EDITION STATEMENT
Edition statement 1. Basım
260 ## - PUBLICATION, DISTRIBUTION, ETC.
Place of publication, distribution, etc. İstanbul :
Name of publisher, distributor, etc. Yalın Yayıncılık,
Date of publication, distribution, etc. 2016
300 ## - PHYSICAL DESCRIPTION
Extent 468 p.
500 ## - GENERAL NOTE
General note Kaynakça var.
International Standard Serial Number (SE) [OBSOLETE]
650 #4 - SUBJECT ADDED ENTRY--TOPICAL TERM
Topical term or geographic name entry element Dil ve Edebiyat
650 #4 - SUBJECT ADDED ENTRY--TOPICAL TERM
Topical term or geographic name entry element Language and Literature
650 #0 - SUBJECT ADDED ENTRY--TOPICAL TERM
Topical term or geographic name entry element Bilim
General subdivision Sözlükler
650 #0 - SUBJECT ADDED ENTRY--TOPICAL TERM
Topical term or geographic name entry element Science
General subdivision Dictionaries
650 #0 - SUBJECT ADDED ENTRY--TOPICAL TERM
Topical term or geographic name entry element Hukuk
General subdivision Sözlükler
650 #0 - SUBJECT ADDED ENTRY--TOPICAL TERM
Topical term or geographic name entry element Law
General subdivision Dictionaries.
650 #0 - SUBJECT ADDED ENTRY--TOPICAL TERM
Topical term or geographic name entry element Siyasal bilim
General subdivision Sözlükler
650 #0 - SUBJECT ADDED ENTRY--TOPICAL TERM
Topical term or geographic name entry element Political science
General subdivision Dictionaries.
650 #0 - SUBJECT ADDED ENTRY--TOPICAL TERM
Topical term or geographic name entry element Teknoloji
General subdivision Sözlükler
650 #0 - SUBJECT ADDED ENTRY--TOPICAL TERM
Topical term or geographic name entry element Technology
General subdivision Dictionaries.
650 #7 - SUBJECT ADDED ENTRY--TOPICAL TERM
Topical term or geographic name entry element REFERENCE / Dictionaries
Source of heading or term bisacsh
856 40 - ELECTRONIC LOCATION AND ACCESS
Uniform Resource Identifier <a href="http://search.ebscohost.com/login.aspx?direct=true&scope=site&db=e011xww&AN=1916949">http://search.ebscohost.com/login.aspx?direct=true&scope=site&db=e011xww&AN=1916949</a>

No items available.

Devinim Yazılım Eğitim Danışmanlık tarafından Koha'nın orjinal sürümü uyarlanarak geliştirilip kurulmuştur.